Best Running Backs in Nfl History - Statistics

General Stats
  • This quiz has been taken 99 times
  • The average score is 21 of 45
Answer Stats
Hint Answer % Correct
Lions Barry Sanders
93%
Cowgirls Emmitt Smith
87%
Browns Jim Brown
87%
Titans Derrick Henry
83%
Chargers Ladainian Tomlinson
83%
Bears Walter Payton
83%
Vikings Adrian Peterson
81%
Rams Eric Dickerson
75%
Rams Marshall Faulk
71%
Seahawks Marshawn Lynch
70%
Raiders Bo Jackson
67%
Bills O.J Simpson
67%
Ravens Lamar Jackson
62%
Oilers Earl Campbell
54%
Jets Frank Gore
54%
Steelers Jerome Bettis
54%
Colts Jonathan Taylor
52%
Raiders Marcus Allen
52%
Bills Thurman Thomas
52%
Jaguars Fred Taylor
51%
Arizona Cardonals Terry Allen
51%
Packers Jim Taylor
50%
Seahawks Shaun Alexander
45%
Jets Curtis Martin
42%
Broncos Terrell Davis
42%
Titans Eddie George
38%
Colts Edgerrin James
38%
Giants Tiki Barber
37%
Jaguars Maurice Jones-Drew
35%
Chiefs Jamal Charles
33%
Bears Gale Sayers
32%
Redskins John Riggins
32%
Cowgirls Tony Dorsett
32%
Dolphins Larry Csonka
31%
Browns Nick Chubb
31%
Saints Ricky Williams
29%
Bengals Corey Dillon
27%
49ers Roger Craig
27%
Cowgirls Herschel Walker
24%
Bills Lesean Mccoy
24%
Seahawks Ricky Watters
17%
Titans CJ2K
14%
Falcons Warrick Dunn
14%
49ers Joe Perry
6%
Chicago Cardinals Ollie Matson
0%
No matching quizzes found
Score Distribution
Percent of People with Each Score
Percentile by Number Answered
Your Score History
You have not taken this quiz